Fundamentals concepts of inorganic chemistry, V3A (Record no. 359514)

MARC details
000 -LEADER
fixed length control field 00572 a2200217 4500
005 - DATE & TIME
control field 20250111164251.0
008 - FIXED-LENGTH DATA ELEMENTS--GENERAL INFORMATION
fixed length control field 250111b |||||||| |||| 00| 0 eng d
020 ## - ISBN
International Standard Book Number 9789390709113
Price Rs. 650.00
040 ## - CATALOGING SOURCE
Original cataloging agency VIVEKANANDA LIBRARY
082 ## - DDC NUMBER
Classification number 546
Book Number D26F(3)
100 ## - MAIN ENTRY--PERSONAL NAME
Personal name Das, Asim K
245 ## - TITLE STATEMENT
Title Fundamentals concepts of inorganic chemistry, V3A
250 ## - EDITION STATEMENT
Edition statement 3rd
260 ## - PUBLICATION, DISTRIBUTION, ETC. (IMPRINT)
Name of publisher, distributor, etc CBS Publishers and Distributors
Date of publication, distribution, etc 2023
Place of publication, distribution, etc New Delhi
300 ## - PHYSICAL DESCRIPTION
Pages xvii, 652
650 ## - Subject
Subject Chemistry
650 ## - Subject
Subject Inorganic Chemistry
700 ## - Added Entry Personal Name
Added Entry Personal Name Das, Mahua
700 ## - Added Entry Personal Name
Added Entry Personal Name Das, Ankita
942 ## - ADDED ENTRY ELEMENTS (KOHA)
Koha item type Books
Holdings
Withdrawn status Lost status Source of classification or shelving scheme Damaged status Not for loan Location (home branch) Sublocation or collection (holding branch) Shelving location Date acquired Koha issues (times borrowed) Koha full call number Accession No. Koha date last seen Copy number Koha item type
    Dewey Decimal Classification     VIVEKANANDA LIBRARY VIVEKANANDA LIBRARY Vivekananda Library 11/01/2025   546 D26F(3) 441406 11/01/2025 V3A Books
    Dewey Decimal Classification     VIVEKANANDA LIBRARY VIVEKANANDA LIBRARY Vivekananda Library 11/01/2025   546 D26F(3) 441407 11/01/2025 V3A Books
    Dewey Decimal Classification     VIVEKANANDA LIBRARY VIVEKANANDA LIBRARY Vivekananda Library 11/01/2025 1 546 D26F(3) 441408 16/01/2026 V3A Books
    Dewey Decimal Classification     VIVEKANANDA LIBRARY VIVEKANANDA LIBRARY Vivekananda Library 11/01/2025   546 D26F(3) 441409 11/01/2025 V3A Books
    Dewey Decimal Classification     VIVEKANANDA LIBRARY VIVEKANANDA LIBRARY Vivekananda Library 11/01/2025   546 D26F(3) 441410 11/01/2025 V3A Books
© Designed and Maintained by Vivekananda Library, MDU Rohtak